Sports Quiz

Random Sports or NFL Quiz

NFL #1 Draft Picks (1990s) Quiz Stats

 Plays Quiz Updated Aug 14, 2017

Challenge
Share
Tweet
Score 0/10 Timer 04:00
4 Plays Today
Hint Answer % Correct
1998Peyton Manning
98.3%
1999Tim Couch
80.2%
1993Drew Bledsoe
79.9%
1996Keyshawn Johnson
79.9%
1997Orlando Pace
71.8%
1990Jeff George
55.6%
1995Ki-Jana Carter
53.6%
1991Russell Maryland
32.2%
1992Steve Emtman
24%
1994Dan Wilkinson
20.3%

You're not logged in!

Compare scores with friends on all Sporcle quizzes.
OR
Log In

You Might Also Like...

Show Comments

Extras

Top Quizzes Today


Score Distribution

Your Account Isn't Verified!

In order to create a playlist on Sporcle, you need to verify the email address you used during registration. Go to your Sporcle Settings to finish the process.

Report this User

Report this user for behavior that violates our Community Guidelines.

Details: